书目信息 |
| 题名: |
诚品时光
|
|
| 作者: | 林静宜 著 | |
| 分册: | ||
| 出版信息: | 北京 中信出版集团股份有限公司 2018 |
|
| 页数: | 236页 | |
| 开本: | 21cm | |
| 丛书名: | ||
| 单 册: | ||
| 中图分类: | G239.23 | |
| 科图分类: | ||
| 主题词: | 书店--经营管理--台湾 | |
| 电子资源: | ||
| ISBN: | 978-7-5086-7968-6 | |
| 000 | 00956nam0 2200289 450 | |
| 001 | 01163110 | |
| 005 | 20180513002946.0 | |
| 010 | @a978-7-5086-7968-6@b@dCNY68.00 | |
| 100 | @a20180513d2018 em y0chiy50 ea | |
| 101 | 0 | @achi |
| 102 | @aCN@b110000 | |
| 105 | @aa z 000yy | |
| 106 | @ar | |
| 200 | 1 | @a诚品时光@9cheng pin shi guang@f林静宜著@g |
| 210 | @a北京@c中信出版集团股份有限公司@d2018 | |
| 215 | @a236页@c图,照片@d21cm | |
| 305 | @a由诚品股份有限公司授权出版 | |
| 306 | @a本书限中国大陆发行 | |
| 312 | @a封面英文题名:Books, and fveryrbing in beiween | |
| 330 | @a本书记录诚品创立二十八年来的初心、挑战、变革与核心价值,以及在不同城市与市民相遇的过程,每一刻诚品时光都珍贵,盼望与读者分享。 | |
| 510 | 1 | @aBooks, and fveryrbing in beiween@zeng |
| 606 | 0 | @a书店@x经营管理@y台湾 |
| 690 | @aG239.23@v5 | |
| 701 | 0 | @a林静宜@9lin jing yi@4著 |
| 801 | 0 | @aCN@bMUSE@c20181206@g |
| 905 | @aBZT@dG239.23@e3 | |
| 906 | @dCNY68.00@n3@r1 | |
| 诚品时光/林静宜著.-北京:中信出版集团股份有限公司,2018 |
| 236页:图,照片;21cm |
| ISBN 978-7-5086-7968-6:CNY68.00 |
| 本书记录诚品创立二十八年来的初心、挑战、变革与核心价值,以及在不同城市与市民相遇的过程,每一刻诚品时光都珍贵,盼望与读者分享。 |
| ● |
| 相关链接 |
|
|
|
正题名:诚品时光
索取号:G239.23/3
 
预约/预借
| 序号 | 登录号 | 条形码 | 馆藏地/架位号 | 状态 | 备注 |
| 1 | 857931 | 2000857931 | 第二书库/ [索取号:G239.23/3] | 在馆 | |
| 2 | 857932 | 2000857932 | 第二书库/ [索取号:G239.23/3] | 在馆 | |
| 3 | 857933 | 2000857933 | 第二书库/ [索取号:G239.23/3] | 在馆 |